000 00501nam a2200181Ia 4500
005 20250326124204.0
008 250326s9999 xx 000 0 und d
037 _aTextbook
040 _aFMSL
_beng
_cFMSL
041 _aeng
_2eng
084 _aX:51 K7;5
_qFMSL
100 _aHansen H L
_9736831
245 0 _aMarketing text, techniques, and cases
_cHansen H L
260 _aUSA
_bUSA, Richard D Irwin
_c1967
300 _a1020p
942 _cTB
_hX:51 K7;5
999 _c1272650
_d1272650